000 00289nam a22001337a 4500
008 170216b xxu||||| |||| 00| 0 eng d
020 _a9781591032533
041 _aeng
080 _22nd
_a615
100 _a5
101 _ashf
245 _aWARDS 101 POCKET
_cKATZEL, J.A
942 _2udc
_cBK
999 _c5689
_d5689